Not the Main Character Quiz Stats

Quiz Updated Sep 8, 2017

Challenge
Share
Tweet
Embed
Score 0/20 Timer 05:00
1 Play Today
(Not the main characters) Movie % Correct
Blue Caterpillar & Knave of HeartsAlice in Wonderland
85.1%
Boromir & GaladrielThe Lord of the Rings: The Fellowship of the Ring
79.7%
Biff Tannen & Dr. Emmett BrownBack to the Future
77.8%
Marcus Belby & Professor FlitwickHarry Potter and the Half-Blood Prince
72.3%
Miracle Max & Inigo MontoyaThe Princess Bride
70.8%
Zazu & ShenziThe Lion King
64.2%
Cypher & OracleThe Matrix
60.4%
Mrs. Bucket & Mike TeaveeCharlie and the Chocolate Factory
60.2%
Uncle Owen & Aunt BeruStar Wars: Episode IV - A New Hope
56.1%
Warden Norton & Captain HadleyThe Shawshank Redemption
49.6%
(Not the main characters) Movie % Correct
Inspector Lestrade & Lord BlackwoodSherlock Holmes
49.2%
Augustus Maywho & Martha May WhovierHow the Grinch Stole Christmas
45.7%
Max Detweiler & LieslThe Sound of Music
44.9%
Little Rock & Bill MurrayZombieland
44.7%
Caesar Flickerman & Seneca CraneThe Hunger Games
42.6%
Caledon 'Cal' Hockley & Molly BrownTitanic
39.4%
Henry J. Waternoose & Celia MaeMonsters, Inc.
38.5%
O-Ren Ishii & BuddKill Bill Vol.1
37.3%
Bolivar Trask & Bill StrykerX-Men: Days of Future Past
36.7%
Mr. Chow & DougThe Hangover
32.4%

You're not logged in!

Compare scores with friends on all Sporcle quizzes.
Join for Free
OR
Log In

You Might Also Like...

Show Comments

Extras

Top Quizzes Today


Score Distribution

Your Account Isn't Verified!

In order to create a playlist on Sporcle, you need to verify the email address you used during registration. Go to your Sporcle Settings to finish the process.

Report this User

Report this user for behavior that violates our Community Guidelines.

Details: